| 000 | 00779nam a2200241 a 4500 | ||
|---|---|---|---|
| 001 | 47746 | ||
| 003 | BD-RjUL | ||
| 005 | 20211209054402.0 | ||
| 008 | 160810s1985 bg ||||| b||| 00| 0 ben d | ||
| 020 | _c: Tk. 15.00 | ||
| 035 | _a(BD-RjUL)47865 | ||
| 040 |
_aBD-RjUL _bben _cBD-RjUL |
||
| 041 | _aben | ||
| 082 |
_223 _a791.43 _bRAC 1985 |
||
| 100 |
_aরহমান, বাদল _9145016 |
||
| 245 | _aচলচ্চিত্রের ভাষা / | ||
| 260 |
_aঢাকা : _bবাংলা একাডেমী, _c১৯৮৫ |
||
| 300 |
_a৮২ পৃ. ; _c১২ সেমি. |
||
| 504 | _aগ্রন্থপঞ্জি সংযুক্ত | ||
| 650 |
_aচলচ্চিত্র _9145017 |
||
| 650 |
_aMotion picture _9145018 |
||
| 942 |
_2ddc _cBK |
||
| 999 |
_c47746 _d47746 |
||